| Tag |
First Indicator |
Second Indicator |
Subfields |
| LEADER |
00000cam a22000004a 4500 |
| 001 |
in00002467437 |
| 005 |
20151110040822.0 |
| 008 |
080904s2008 caua b 001 0 eng |
| 010 |
|
|
|a 2008038167
|
| 020 |
|
|
|a 9781598743678 (hardback : alk. paper)
|
| 020 |
|
|
|a 1598743678 (hardback : alk. paper)
|
| 020 |
|
|
|a 9781598743685 (pbk. : alk. paper)
|
| 020 |
|
|
|a 1598743686 (pbk. : alk. paper)
|
| 035 |
|
|
|a (OCoLC)ocn227015864
|
| 040 |
|
|
|a DLC
|c DLC
|d UtOrBLW
|
| 043 |
|
|
|a s-bl---
|
| 049 |
|
|
|a TXAM
|
| 050 |
0 |
0 |
|a GN564.B6
|b G74 2008
|
| 082 |
0 |
0 |
|a 306.6/0981
|2 22
|
| 100 |
1 |
|
|a Greenfield, Sidney M.
|
| 245 |
1 |
0 |
|a Spirits with scalpels :
|b the culturalbiology of religious healing in Brazil /
|c Sidney M. Greenfield.
|
| 264 |
|
1 |
|a Walnut Creek, Calif. :
|b Left Coast Press,
|c [2008]
|
| 264 |
|
4 |
|c ©2008
|
| 300 |
|
|
|a 239 pages :
|b illustrations ;
|c 23 cm.
|
| 336 |
|
|
|a text
|b txt
|2 rdacontent
|
| 337 |
|
|
|a unmediated
|b n
|2 rdamedia
|
| 338 |
|
|
|a volume
|b nc
|2 rdacarrier
|
| 504 |
|
|
|a Includes bibliographical references (pages 205-229) and index.
|
| 505 |
0 |
|
|a José Carlos Ribeiro : an introduction to spiritist therapy -- Edson Queiroz : spirit surgeries in Recife -- Antonio de Oliveira rios in Palmelo -- Mauricio Maglhães in Campo Grande -- Not all patients are cured : Kardecism's approach to death and dying -- The disobsession : another form of spiritist treatment -- Healing and the competition for religious converts -- Religion and religious diversity in Brazilian history -- Pilgrimage and healing in "popular" catholicism -- Healing by the spirits in the African derived traditions -- Healing in Umbanda -- Evangelicals and healing by the Holy Ghost -- Healing in the competitive religious marketplace -- Healing by spirits and science -- Science as a cultural process -- Communication, information flow, and a new paradigm -- Ritual, altered states of consciousness and culturalbiological healing -- Culturalbiology and the marketplace of religion in Brazil.
|
| 650 |
|
0 |
|a Ethnobiology
|z Brazil.
|
| 650 |
|
0 |
|a Healing
|z Brazil.
|
| 650 |
|
0 |
|a Traditional medicine
|z Brazil.
|
| 650 |
|
0 |
|a Spirit possession
|z Brazil.
|
| 651 |
|
0 |
|a Brazil
|x Religious life and customs.
|
| 651 |
|
0 |
|a Brazil
|x Social life and customs.
|
| 945 |
|
|
|a PromptCat
|
| 946 |
|
|
|a stk
|
| 947 |
|
|
|a A14837415259
|
| 948 |
|
|
|a cataloged
|b h
|c 2009/1/7
|d c
|e dmitchel
|f 10:30:20 am
|
| 994 |
|
|
|a 92
|b TXA
|
| 999 |
|
|
|a MARS
|
| 999 |
f |
f |
|s ea4f5f4d-7192-36bc-933f-90757dba3fd8
|i b09f608b-bdcb-3bbd-82ab-66c2d481c352
|t 0
|
| 952 |
f |
f |
|p normal
|a Texas A&M University
|b College Station
|c Sterling C. Evans Library
|d Evans: Library Stacks
|t 0
|e RZ400 G74 2008
|h Library of Congress classification
|i unmediated -- volume
|m A14837415259
|
| 998 |
f |
f |
|a RZ400 G74 2008
|t 0
|l Evans: Library Stacks
|